000 01487nam1a2200325 i 4500
001 RU\NLR\BIBL_A\011437461
005 20260407023711.0
010 _a9785922117371
035 _a(RuMoRGB)008914478
035 _a(NLR Aleph) 011437461
090 _a11682729
_c11682729
100 _a20170628g20179999k y0rusy50 ca
101 0 _arus
_aeng
_deng
102 _aRU
105 _a||||z |||||
200 1 _aВысокоскоростная фотоэлектронная регистрация изображений
_eсборник избранных публикаций
_eв трех книгах
_fИнститут общей физики им. А. М. Прохорова Российской академии наук
_gпод редакцией М. Я. Щелева
210 _aМосква
_cФизматлит
_d2017
215 _d22
606 _aБыстропротекающие процессы
_xРегистрация
_xАппараты и приборы
_91236040
_3RU\NLR\AUTH\66186868
606 _aФотосъемка скоростная
_92541143
_3RU\NLR\AUTH\661504401
686 1 _aМ942.6
686 1 _aЖ13
702 1 _aЩелев
_bМ.Я.
_gМихаил Яковлевич
_4340
712 0 2 _4570
_aИнститут общей физики им. А. М. Прохорова
_cМосква
_3RU\NLR\AUTH\8810009155
_9516022
852 _aNLR
_j2017-5/4710
942 _cBOOK
980 _aNBR